000 00410nam a2200133Ia 4500
008 240729s9999 xx 000 0 und d
245 0 _aJournal of Defense Resources Management
260 _aRomania
260 _bRegional Department of Defense Resources Management Studies
650 _aMilitary Science
856 _uhttps://doaj.org/toc/c6216747af024319858335b2fbbc8d8e
942 _2ddc
942 _cDOAJEJ
999 _c69395
_d69395
945 _a1
_bMadushi Gamage
_c1
_dMadushi Gamage